The rabbi /

Gespeichert in:
Bibliographische Detailangaben
1. Verfasser: Gordon, Noah
Format: Buch
Sprache:English
Veröffentlicht: London : Mayflower, 1967.
LEADER 00731nam a2200205 a 4500
001 c000260172
003 CARM
005 20070510135645.0
008 891027s1967 enk 000 1 eng d
019 1 |a 50070263  |5 LACONCORD2021 
035 |a (OCoLC)498373259  |5 LACONCORD2021 
040 |a VCAV  |b eng  |c VCAV 
100 1 |a Gordon, Noah. 
245 1 4 |a The rabbi /  |c Noah Gordon. 
260 |a London :  |b Mayflower,  |c 1967. 
300 |a 380 p. 
500 |a First published in Great Britain by Andre Deutsch. 
852 8 |b CARM  |h A1:AP19G0  |i A04252  |p 0374698  |f BK 
999 f f |i 5c17f175-91a6-5b14-92ac-d1f49abe4700  |s c0dab711-3c3c-52f1-b41a-ca53cec9cf7d 
952 f f |p Can circulate  |a CAVAL  |b CAVAL  |c CAVAL  |d CARM 1 Store  |e A04252  |f A1:AP19G0  |h Other scheme  |i book  |m 0374698